Estudios y proyectos: Folleto N§ 2
Guardat en:
| Autor corporatiu: | |
|---|---|
| Format: | Llibre |
| Idioma: | espanyol |
| Publicat: |
Valparaíso
Sociedad Imprenta y Litografía Universo
1935
|
| Edició: | 1a. ed |
| Matèries: | |
| Etiquetes: |
Afegir etiqueta
Sense etiquetes, Sigues el primer a etiquetar aquest registre!
|
MARC
| LEADER | 00000nam a2200000 a 4500 | ||
|---|---|---|---|
| 001 | UCJ5353 | ||
| 003 | CL-VaPUC | ||
| 008 | 070124e19350300CL |||||||||||||||||spa|d | ||
| 082 | 0 | 4 | |a 918.3 |b COM |2 21 |
| 110 | 2 | |a Comité de defensa de Valparaíso |e author |9 510436 | |
| 245 | 1 | 0 | |a Estudios y proyectos: Folleto N§ 2 |
| 250 | |a 1a. ed | ||
| 300 | |a 153 p | ||
| 651 | 0 | |a Valparaíso, Chile |9 261144 | |
| 942 | |c BK | ||
| 945 | |d 20070124 00:00:00 |a rinostro | ||
| 260 | |a Valparaíso |b Sociedad Imprenta y Litografía Universo |c 1935 | ||
| 500 | |a p. 148, plano plegado | ||
| 600 | 0 | |a Münnich Frick, Guillermo Segundo, |d 1850-1912 |9 510437 | |
| 600 | 0 | 7 | |a BARAHONA, RAFAEL LUIS |2 CL-VaPUC |9 506686 |
| 600 | 0 | 7 | |a EASTMAN, TOMAS |2 CL-VaPUC |9 510438 |
| 650 | 0 | |a Historia local |9 266584 | |
| 650 | 7 | |a DOCUMENTOS |2 CL-VaPUC |9 366450 | |
| 650 | 0 | |a Recursos naturales |9 255232 | |
| 650 | 7 | |a TRANSPORTE |2 CL-VaPUC |9 256365 | |
| 650 | 7 | |a DESARROLLO |2 CL-VaPUC |9 258144 | |
| 650 | 7 | |a INDUSTRIA |2 CL-VaPUC |9 315110 | |
| 650 | 0 | |a Cesantía |9 474808 | |
| 650 | 0 | |a Estadísticas |9 258644 | |
| 650 | 7 | |a PLANOS |2 CL-VaPUC |9 260106 | |
| 583 | |a last modification |c 20070124 00:00:00 |k Rodrigo Vera | ||
| 999 | |c 321462 |d 321460 | ||
| 952 | |0 0 |1 0 |4 0 |6 918_300000000000000_COM_1935 |7 0 |8 X |9 400216 |a FDOBUD |b FDOBUD |d 2019-11-22 |i 1033581 |o 918.3 COM 1935 |p 1033581 |r 2019-11-22 |w 2019-11-22 |y BK_X |k BUD | ||